000 00597nam a22001817a 4500
003 UA-OsUOA
001 8061
007 ta
008 20040715b un ||||| |||| 00| 0 ukr d
100 _aКазміренко В.
942 _cSA
040 _aUA-OsUOA
_cUA-OsUOA
_dUA-OsUOA
245 _aСоціально - психологічне регулювання діяльності організацій
300 _aС.5-29
955 _a0
773 0 _w0
_tПсихологія і суспільство
_dТернопіль
_d2004
_g№2
650 7 _aПсихологія діяльності
_2UDC
999 _c294222
_d294222